The Holy Bible : N R S V (Record no. 22659)
[ view plain ]
| 000 -LEADER | |
|---|---|
| fixed length control field | 00330nam a22001457a 4500 |
| 020 ## - INTERNATIONAL STANDARD BOOK NUMBER | |
| ISBN | 9780564033478 |
| 082 ## - DEWEY DECIMAL CLASSIFICATION NUMBER | |
| Classification number | 220.52043 |
| Author Cutter | BIB |
| 100 ## - MAIN ENTRY--AUTHOR NAME | |
| Author name | British and Foreign Bible Society. |
| 245 ## - TITLE STATEMENT | |
| Title | The Holy Bible : N R S V |
| 260 ## - PUBLICATION, DISTRIBUTION, ETC. (IMPRINT) | |
| Place of publication | U S A |
| Name of publisher | Zondervan, |
| Year of publication | 1989 |
| 300 ## - PHYSICAL DESCRIPTION | |
| Number of Pages | 1009 |
| 650 ## - SUBJECT ADDED ENTRY--TOPICAL TERM | |
| Topical Term | Bible |
| 942 ## - ADDED ENTRY ELEMENTS (KOHA) | |
| Koha item type | Books |
| Home library | Current library | Shelving location | Date acquired | Cost, normal purchase price | Full call number | Accession Number | Koha item type |
|---|---|---|---|---|---|---|---|
| Henry Martyn Institute Library | Henry Martyn Institute Library | Reference | 04/29/2019 | 525.00 | 220.52043 BIB | 25583 | Books |
| Henry Martyn Institute Library | Henry Martyn Institute Library | Reference | 04/29/2019 | 525.00 | 220.52043 BIB | 25584 | Books |
| Henry Martyn Institute Library | Henry Martyn Institute Library | Reference | 04/29/2019 | 525.00 | 220.52043 BIB | 25585 | Books |
| Henry Martyn Institute Library | Henry Martyn Institute Library | Reference | 04/29/2019 | 525.00 | 220.52043 BIB | 25586 | Books |
| Henry Martyn Institute Library | Henry Martyn Institute Library | Reference | 04/29/2019 | 525.00 | 220.52043 BIB | 25587 | Books |
